[Event "PRO League Group Stage"]
[Site "chess.com INT"]
[Date "2019.03.07"]
[Round "9"]
[White "Sargsyan, Shant"]
[Black "Yakubboev, Nodirbek"]
[Result "0-1"]
[WhiteTitle "IM"]
[BlackTitle "IM"]
[WhiteElo "2486"]
[BlackElo "2569"]
[WhiteTeam "Armenia Eagles"]
[BlackTeam "Estonia Horses"]
[WhiteFideId "13306766"]
[BlackFideId "14203987"]
[EventDate "2019.01.08"]

1. d4 d6 2. Nf3 g6 3. c4 Bg7 4. Nc3 c5 5. e4 Bg4 6. dxc5 Bxc3+ 7. bxc3 dxc5 8.
Qxd8+ Kxd8 9. Be3 b6 10. Ne5 Be6 11. f4 f6 12. f5 fxe5 13. fxe6 Kc7 14. O-O-O
Nf6 15. Rd5 Nc6 16. Be2 Rad8 17. Rhd1 h6 18. h4 Nxd5 19. cxd5 Na5 20. Bf2 Kd6
21. Kd2 Rdf8 22. Bg3 Rf6 23. Ke3 g5 24. Rh1 Rg6 25. Rf1 Rf6 26. Rh1 Rff8 27. Bh5
Nc4+ 28. Kd3 b5 29. Bf7 gxh4 30. Rxh4 h5 31. Bh2 Rh6 32. Ke2 Rfh8 33. Kd3 a6 34.
Ke2 R8h7 35. Kf2 Rf6+ 36. Ke2 Rg7 37. g3 Rg4 38. Bxh5 Rxh4 39. g4 Rxh2+ 0-1

[Event "PRO League Group Stage"]
[Site "chess.com INT"]
[Date "2019.03.07"]
[Round "9"]
[White "Manukian, Artak"]
[Black "Narva, Mai"]
[Result "1-0"]
[BlackTitle "WIM"]
[WhiteElo "2196"]
[BlackElo "2347"]
[WhiteTeam "Armenia Eagles"]
[BlackTeam "Estonia Horses"]
[WhiteFideId "13301373"]
[BlackFideId "4500512"]
[EventDate "2019.01.08"]

1. e4 c5 2. Nf3 d6 3. Bb5+ Nc6 4. O-O Nf6 5. Re1 Bd7 6. c3 g6 7. d4 cxd4 8. cxd4
Bg7 9. Nc3 O-O 10. Bg5 Bg4 11. Bxc6 bxc6 12. h3 Be6 13. Qd2 Rb8 14. b3 Re8 15.
Bh6 Bh8 16. Ng5 Bd7 17. e5 Nh5 18. g4 Ng7 19. Qf4 f6 20. e6 Bc8 21. d5 Qa5 22.
Nce4 Rf8 23. Nf7 Qxd5 24. Rad1 Nxe6 25. Qe3 Rxf7 26. Rxd5 cxd5 27. Qxa7 Rb7 28.
Qa8 Rc7 29. Nxd6 exd6 30. Rxe6 Bg7 31. Re8+ Rf8 32. Qxd5+ Rf7 33. Rxf8+ Bxf8 34.
Bxf8 Kxf8 35. Qxd6+ 1-0

[Event "PRO League Group Stage"]
[Site "chess.com INT"]
[Date "2019.03.07"]
[Round "9"]
[White "Unuk, Laura"]
[Black "Hammer, Jon Ludvig"]
[Result "0-1"]
[WhiteTitle "WIM"]
[BlackTitle "GM"]
[WhiteElo "2234"]
[BlackElo "2652"]
[WhiteTeam "Ljubljana Turtles"]
[BlackTeam "Norway Gnomes"]
[WhiteFideId "14609215"]
[BlackFideId "1503707"]
[EventDate "2019.01.08"]

1. d4 Nf6 2. c4 e6 3. Nf3 Bb4+ 4. Nbd2 O-O 5. a3 Be7 6. e4 d5 7. e5 Nfd7 8. Qc2
c5 9. Bd3 g6 10. h4 cxd4 11. Nb3 Nc6 12. Bf4 dxc4 13. Qxc4 Nb6 14. Qc2 Bd7 15.
h5 g5 16. Bxh7+ Kh8 17. Bd2 g4 18. Nfxd4 Nxe5 19. Bc3 f5 20. Bg6 Bf6 21. O-O-O
Nd5 22. Nxe6 Bxe6 23. Nc5 Bg8 24. f4 gxf3 25. gxf3 Bg5+ 26. Kb1 Nxc3+ 27. Qxc3
Qf6 28. f4 Bxf4 29. Rdf1 Qg5 30. Nd7 Rac8 31. Qd4 Rc4 32. Qd6 Nxd7 33. Qxd7 Be5
34. Rhg1 Qd8 35. Qxb7 Qd3+ 36. Ka1 Qxa3+ 37. Kb1 Qd3+ 38. Ka1 Ra4# 0-1

[Event "PRO League Group Stage"]
[Site "chess.com INT"]
[Date "2019.03.07"]
[Round "9"]
[White "Skuhala, Jernej"]
[Black "Christiansen, Johan-Sebastian"]
[Result "1/2-1/2"]
[WhiteTitle "FM"]
[BlackTitle "GM"]
[WhiteElo "2277"]
[BlackElo "2559"]
[WhiteTeam "Ljubljana Turtles"]
[BlackTeam "Norway Gnomes"]
[WhiteFideId "14605651"]
[BlackFideId "1512668"]
[EventDate "2019.01.08"]

1. e4 c5 2. Nf3 d6 3. d4 cxd4 4. Nxd4 Nf6 5. Nc3 g6 6. Be3 Bg7 7. f3 O-O 8. Qd2
Nc6 9. Bc4 Bd7 10. O-O-O Rc8 11. Bb3 Nxd4 12. Bxd4 b5 13. h4 a5 14. h5 a4 15.
Bxf6 exf6 16. Bd5 b4 17. Ne2 f5 18. hxg6 hxg6 19. Nd4 Qf6 20. Qxb4 Rb8 21. Qd2
fxe4 22. fxe4 Bg4 23. Rhf1 Qe5 24. c3 Bxd1 25. Nc6 Qh5 26. Qxd1 Qg5+ 27. Kb1 Rb7
28. Qc2 Bf6 29. Qc1 Qxc1+ 30. Kxc1 Kg7 31. Kc2 Rb6 32. Na5 Be5 33. Nc4 Rbb8 34.
Nxe5 dxe5 35. b4 axb3+ 36. axb3 f5 37. b4 f4 38. Kb3 g5 39. Be6 Kf6 40. Bf5 Rfd8
41. Ra1 Rb6 42. Ra7 Rd2 43. Rh7 Rbd6 44. Rh2 Rf2 45. c4 Rd3+ 46. Ka4 Rd4 47. Kb5
Rc2 48. c5 Rb2 49. Rh6+ Kg7 50. Rg6+ Kf7 51. Rxg5 Rdxb4+ 52. Kc6 Rc2 53. Bh3
Rxe4 54. Bf5 Rec4 55. Bxc2 Rxc2 56. Kd5 Kf6 57. Rg8 Rd2+ 58. Ke4 Rd4+ 59. Kf3
Rc4 60. Rc8 Kf5 61. c6 e4+ 62. Kf2 Rc2+ 63. Kf1 Rc1+ 64. Kf2 Rc2+ 65. Kf1 Rc1+
66. Ke2 Ke6 67. c7 Ke7 68. Kf2 Rc2+ 69. Kf1 e3 70. Rh8 Rxc7 71. Rh7+ Kd6 72.
Rxc7 Kxc7 73. Ke2 Kd6 74. g3 Ke5 75. gxf4+ Kxf4 76. Ke1 Ke4 77. Ke2 Kd4 78. Ke1
Kc3 79. Ke2 Kd4 80. Ke1 Ke4 81. Ke2 Kf4 82. Ke1 Kf3 83. Kf1 Kg3 84. Ke2 Kf4 85.
Ke1 Kf5 86. Ke2 Ke4 87. Ke1 Kd4 88. Ke2 Ke4 89. Ke1 Kd5 90. Ke2 Kd4 91. Ke1 Kc3
92. Ke2 Kd4 93. Ke1 Kd3 94. Kd1 Ke4 95. Ke2 Kf4 96. Ke1 Kg3 97. Ke2 Kf4 1/2-1/2

[Event "PRO League Group Stage"]
[Site "chess.com INT"]
[Date "2019.03.07"]
[Round "9"]
[White "Holm, Kristian Stuvik"]
[Black "Markoja, Boris"]
[Result "1/2-1/2"]
[WhiteTitle "IM"]
[BlackTitle "IM"]
[WhiteElo "2468"]
[BlackElo "2442"]
[WhiteTeam "Norway Gnomes"]
[BlackTeam "Ljubljana Turtles"]
[WhiteFideId "1508083"]
[BlackFideId "14608502"]
[EventDate "2019.01.08"]

1. d4 d5 2. c4 dxc4 3. e3 e5 4. Bxc4 exd4 5. exd4 Bd6 6. Nf3 Nf6 7. Qe2+ Be7 8.
O-O O-O 9. h3 Nc6 10. Nc3 Re8 11. Bxf7+ Kxf7 12. Qc4+ Nd5 13. Qxd5+ Qxd5 14.
Nxd5 Bd6 15. Be3 Bf5 16. Rac1 Rad8 17. Rfd1 h6 18. Nc3 a6 19. d5 Ne5 20. Nd4 Bg6
21. Ne6 Rd7 22. Rd4 Bf5 23. Ne4 Bxe6 24. dxe6+ Rxe6 25. Nxd6+ Rexd6 26. Rxd6
cxd6 27. Kf1 d5 28. Ke2 Nc6 29. a3 Ke6 30. Kd3 Ne5+ 31. Ke2 Nc6 32. Kd3 Ne5+ 33.
Ke2 1/2-1/2

[Event "PRO League Group Stage"]
[Site "chess.com INT"]
[Date "2019.03.07"]
[Round "9"]
[White "Mikalsen, Erlend"]
[Black "Sebenik, Matej"]
[Result "0-1"]
[WhiteTitle "FM"]
[BlackTitle "GM"]
[WhiteElo "2357"]
[BlackElo "2540"]
[WhiteTeam "Norway Gnomes"]
[BlackTeam "Ljubljana Turtles"]
[WhiteFideId "1507338"]
[BlackFideId "14602296"]
[EventDate "2019.01.08"]

1. e4 c5 2. Nf3 Nc6 3. d4 cxd4 4. Nxd4 Nf6 5. Nc3 e5 6. Ndb5 d6 7. Bg5 a6 8. Na3
b5 9. Nd5 Be7 10. Bxf6 Bxf6 11. c3 Bg5 12. Nc2 Rb8 13. a3 O-O 14. Be2 a5 15. O-O
Ne7 16. Nce3 Bxe3 17. Nxe3 Qb6 18. Qd3 Be6 19. Rfd1 Rfd8 20. Bg4 Bb3 21. Rd2 d5
22. exd5 Nxd5 23. Nxd5 Rxd5 24. Qe2 Rxd2 25. Qxd2 Rd8 26. Qe1 Qd6 27. h3 g6 28.
c4 b4 29. axb4 axb4 30. Rc1 f5 31. c5 Qd2 32. Qxd2 Rxd2 33. c6 fxg4 34. c7 Be6
35. c8=Q+ Bxc8 36. Rxc8+ Kg7 37. hxg4 Kf6 38. f3 Rxb2 39. Kh2 Ke6 40. Kg3 g5 41.
Rc5 Kd6 42. Rb5 b3 43. Kh2 h6 44. Kg3 Kc6 45. Rxe5 Rd2 46. Re3 b2 47. Rb3 Kc5
48. Kh3 Kc4 49. Rb8 Kc3 50. Rc8+ Kd3 51. Rb8 Kc2 52. Rc8+ Kd1 53. Rb8 Kc1 54. g3
b1=Q 55. Rxb1+ Kxb1 56. f4 Rd6 57. Kg2 Kc2 58. Kf3 Kd3 0-1

[Event "PRO League Group Stage"]
[Site "chess.com INT"]
[Date "2019.03.07"]
[Round "9"]
[White "Vrolijk, Liam"]
[Black "Lagarde, Maxime"]
[Result "1/2-1/2"]
[WhiteTitle "IM"]
[BlackTitle "GM"]
[WhiteElo "2433"]
[BlackElo "2604"]
[WhiteTeam "Amsterdam Mosquitoes"]
[BlackTeam "Cannes Blitzstreams"]
[WhiteFideId "1048333"]
[BlackFideId "662399"]
[EventDate "2019.01.08"]

1. d4 Nc6 2. Nf3 d6 3. c4 Nf6 4. Nc3 Bg4 5. g3 e5 6. d5 Ne7 7. Bg2 g6 8. O-O Bg7
9. h3 Bc8 10. e4 O-O 11. Be3 Nh5 12. c5 f5 13. cxd6 cxd6 14. Bd2 Nf6 15. Qb3 Kh8
16. Rac1 a6 17. Ng5 f4 18. Ne6 Bxe6 19. dxe6 Nh5 20. Nd5 b5 21. g4 Nf6 22. Rfd1
Nfxd5 23. exd5 Qb6 24. Be4 Bf6 25. Kg2 Bh4 26. Be1 f3+ 27. Bxf3 Rf4 28. Qe3 Qb7
29. Be4 Raf8 30. f3 Bg5 31. Qd3 h5 32. Ba5 hxg4 33. hxg4 Qa7 34. Qe2 Kg7 35. Rh1
Qd4 36. Rhd1 Qa4 37. b4 Rh8 38. Rb1 Rxe4 39. fxe4 Bf4 40. Rh1 Rc8 41. Rb3 g5 42.
Rhh3 Ng6 43. Rhc3 Nh4+ 44. Kh3 Rh8 45. Ra3 Nf5+ 46. Kg2 Rh2+ 47. Kf1 Rh1+ 48.
Kg2 Rh2+ 49. Kf1 Rh1+ 50. Kf2 Rh2+ 51. Kf1 Rh1+ 52. Kg2 Rh2+ 53. Kf1 1/2-1/2

[Event "PRO League Group Stage"]
[Site "chess.com INT"]
[Date "2019.03.07"]
[Round "9"]
[White "Ducarmon, Quinten"]
[Black "Mekhitarian, Krikor Sevag"]
[Result "1-0"]
[WhiteTitle "IM"]
[BlackTitle "GM"]
[WhiteElo "2479"]
[BlackElo "2536"]
[WhiteTeam "Amsterdam Mosquitoes"]
[BlackTeam "Cannes Blitzstreams"]
[WhiteFideId "1025007"]
[BlackFideId "2107660"]
[EventDate "2019.01.08"]

1. e4 e5 2. Nf3 Nc6 3. Bb5 Nf6 4. d3 Bc5 5. Bxc6 dxc6 6. Nbd2 O-O 7. Nc4 Nd7 8.
O-O Re8 9. Be3 Bf8 10. Nfd2 Nc5 11. f4 exf4 12. Rxf4 f5 13. Kh1 g6 14. Qg1 Ne6
15. Rf3 f4 16. Bxf4 Nd4 17. Rg3 Ne2 18. Qe3 Nxg3+ 19. Qxg3 Be6 20. Bxc7 Qd7 21.
Rf1 Bg7 22. Bd6 b6 23. e5 Bd5 24. Ne3 Rad8 25. c4 Be6 26. d4 Qb7 27. Ne4 Kh8 28.
h3 Bg8 29. b3 Rd7 30. Ng4 Rf7 31. Ngf6 Qc8 32. Ng5 Rff8 33. Rf3 Rd8 34. Bxf8
Rxf8 35. Nxg8 Kxg8 36. Qg4 Qxg4 37. Rxf8+ Kxf8 38. hxg4 Ke7 39. Nf3 Ke6 40. Kg1
Bh6 41. Kf2 Bc1 42. Ke2 h5 43. gxh5 gxh5 44. Nh4 Bg5 45. g3 c5 46. d5+ Kxe5 47.
Nf3+ Kf5 48. Nxg5 Kxg5 49. Ke3 Kf5 50. Kf3 Ke5 51. g4 hxg4+ 52. Kxg4 b5 53. Kg5
a5 54. a4 bxa4 55. bxa4 Kd6 56. Kf6 Kd7 57. Ke5 Kc7 58. d6+ 1-0

[Event "PRO League Group Stage"]
[Site "chess.com INT"]
[Date "2019.03.07"]
[Round "9"]
[White "Velten, Paul"]
[Black "Admiraal, Miguoel"]
[Result "1/2-1/2"]
[WhiteTitle "GM"]
[BlackTitle "IM"]
[WhiteElo "2496"]
[BlackElo "2478"]
[WhiteTeam "Cannes Blitzstreams"]
[BlackTeam "Amsterdam Mosquitoes"]
[WhiteFideId "681091"]
[BlackFideId "1019716"]
[EventDate "2019.01.08"]

1. Nf3 d5 2. d4 Nf6 3. c4 c6 4. e3 Bf5 5. Nc3 a6 6. Bd3 Bg6 7. O-O e6 8. Bxg6
hxg6 9. Qe2 Bb4 10. Bd2 Ba5 11. Rac1 Nbd7 12. Rfd1 O-O 13. Be1 b5 14. b3 Rc8 15.
a4 bxc4 16. bxc4 Ra8 17. Rb1 Re8 18. Qa2 Rb8 19. Rxb8 Nxb8 20. Ne5 Nfd7 21. Nd3
Nb6 22. cxd5 cxd5 23. Nc5 Nc4 24. Rb1 Bb6 25. Nd3 Nc6 26. Ne2 Qc7 1/2-1/2

[Event "PRO League Group Stage"]
[Site "chess.com INT"]
[Date "2019.03.07"]
[Round "9"]
[White "Cornette, Deimante"]
[Black "Spoelman, Wouter"]
[Result "1-0"]
[WhiteTitle "IM"]
[BlackTitle "GM"]
[WhiteElo "2448"]
[BlackElo "2578"]
[WhiteTeam "Cannes Blitzstreams"]
[BlackTeam "Amsterdam Mosquitoes"]
[WhiteFideId "12802859"]
[BlackFideId "1010891"]
[EventDate "2019.01.08"]

1. e4 c5 2. Nf3 e6 3. d4 cxd4 4. Nxd4 Nc6 5. Nc3 Qc7 6. Be3 a6 7. Qf3 Bd6 8.
O-O-O Be5 9. g3 Nge7 10. Qe2 O-O 11. f4 Bxd4 12. Bxd4 Nxd4 13. Rxd4 b5 14. Qd2
Rd8 15. Bg2 Bb7 16. Rd1 Bc6 17. e5 Bxg2 18. Qxg2 Rab8 19. Qd2 Rb7 20. g4 b4 21.
Ne4 Qa5 22. Kb1 Nd5 23. Ka1 Rc7 24. f5 Rdc8 25. f6 h6 26. fxg7 Kxg7 27. g5 h5
28. g6 fxg6 29. Rg1 Rxc2 30. Qg5 Kf8 31. Nd6 Ne7 32. Qf6+ Kg8 33. Rxg6+ Nxg6 34.
Qxg6+ Kh8 35. Nf7# 1-0

[Event "PRO League Group Stage"]
[Site "chess.com INT"]
[Date "2019.03.07"]
[Round "9"]
[White "Klek, Hanna Marie"]
[Black "Forcen Esteban, Daniel"]
[Result "1/2-1/2"]
[WhiteTitle "WGM"]
[BlackTitle "GM"]
[WhiteElo "2311"]
[BlackElo "2567"]
[WhiteTeam "Baden-Baden Snowballs"]
[BlackTeam "Barcelona Raptors"]
[WhiteFideId "24670057"]
[BlackFideId "2288230"]
[EventDate "2019.01.08"]

1. d4 e6 2. e4 d5 3. Nd2 c5 4. exd5 Qxd5 5. Ngf3 cxd4 6. Bc4 Qd8 7. O-O a6 8.
Nb3 Nc6 9. a4 Nf6 10. Qe2 Bd6 11. Rd1 Qc7 12. Nbxd4 Nxd4 13. Rxd4 Bd7 14. b3 O-O
15. Bb2 Bc6 16. Rh4 e5 17. Bxe5 Bxf3 18. Bxd6 Qxd6 19. Qxf3 Qe5 20. Rf1 b5 21.
axb5 axb5 22. Bd3 Rfe8 23. g3 Ra1 24. Rxa1 Qxa1+ 25. Kg2 Re1 26. Bxb5 g5 27. Ra4
Rg1+ 28. Kh3 g4+ 29. Rxg4+ Nxg4 30. Qxg4+ Kf8 31. Qb4+ Kg7 1/2-1/2

[Event "PRO League Group Stage"]
[Site "chess.com INT"]
[Date "2019.03.07"]
[Round "9"]
[White "Kollars, Dmitrij"]
[Black "Diaz Camallonga, Carles"]
[Result "1-0"]
[WhiteTitle "GM"]
[BlackTitle "IM"]
[WhiteElo "2562"]
[BlackElo "2432"]
[WhiteTeam "Baden-Baden Snowballs"]
[BlackTeam "Barcelona Raptors"]
[WhiteFideId "12909572"]
[BlackFideId "22235256"]
[EventDate "2019.01.08"]

1. c4 e6 2. Nf3 Nf6 3. g3 d5 4. Bg2 dxc4 5. Qa4+ Bd7 6. Qxc4 c5 7. Ne5 Qc8 8.
Qd3 Nc6 9. Nxd7 Nxd7 10. O-O Be7 11. Nc3 O-O 12. Qb5 Nde5 13. d3 a6 14. Qa4 b5
15. Qd1 Rd8 16. Bf4 Ng6 17. Be3 Ra7 18. Rc1 Rc7 19. a4 b4 20. Ne4 Nd4 21. Nd2
Nf5 22. Nc4 Nxe3 23. Nxe3 Bf6 24. Qb3 Ne5 25. Nc4 Nc6 26. e3 Ne5 27. Rfd1 Qd7
28. Nxe5 Bxe5 29. Rc4 g6 30. Bf3 Qe7 31. Kg2 Qf6 32. d4 Bd6 33. a5 Rdc8 34. Qd3
Qe7 35. h4 Qe8 36. h5 Qb5 37. hxg6 hxg6 38. Rh1 Qxa5 39. d5 e5 40. Rch4 Kf8 41.
Qe4 Ke7 42. Rh7 Rg8 43. Qh4+ g5 44. Qg4 Qb5 45. Qe6+ 1-0

[Event "PRO League Group Stage"]
[Site "chess.com INT"]
[Date "2019.03.07"]
[Round "9"]
[White "Alvarado Diaz, Alejandro"]
[Black "Donchenko, Alexander"]
[Result "0-1"]
[WhiteTitle "IM"]
[BlackTitle "GM"]
[WhiteElo "2388"]
[BlackElo "2604"]
[WhiteTeam "Barcelona Raptors"]
[BlackTeam "Baden-Baden Snowballs"]
[WhiteFideId "2276119"]
[BlackFideId "24603295"]
[EventDate "2019.01.08"]

1. g3 c5 2. Bg2 Nc6 3. c4 g6 4. Nc3 Bg7 5. d3 Nf6 6. Qd2 O-O 7. b3 d5 8. cxd5
Nxd5 9. Bb2 Be6 10. Nf3 Qa5 11. Na4 Qxd2+ 12. Kxd2 Bh6+ 13. e3 b6 14. d4 Rfd8
15. Ke2 Bc8 16. Rhc1 Ba6+ 17. Ke1 Ndb4 18. Bf1 Bd3 19. dxc5 b5 20. Nc3 Bg7 21.
Nd1 Bxf1 22. Kxf1 Rxd1+ 23. Rxd1 Bxb2 24. Rab1 Bf6 25. a3 Na2 26. Rd7 Nc3 27.
Rc1 Rc8 28. Rb7 a5 29. g4 h6 30. h4 b4 31. axb4 axb4 32. g5 hxg5 33. hxg5 Bg7
34. Nd2 Ne5 35. Rxb4 Nd3 36. Rxc3 Bxc3 37. Rc4 Bxd2 38. Rd4 Nxc5 39. Rxd2 Nxb3
40. Rd7 e6 0-1

[Event "PRO League Group Stage"]
[Site "chess.com INT"]
[Date "2019.03.07"]
[Round "9"]
[White "Herrera Reyes, Jose Antonio"]
[Black "Meier, Georg"]
[Result "0-1"]
[WhiteTitle "FM"]
[BlackTitle "GM"]
[WhiteElo "2324"]
[BlackElo "2623"]
[WhiteTeam "Barcelona Raptors"]
[BlackTeam "Baden-Baden Snowballs"]
[WhiteFideId "2274914"]
[BlackFideId "4675789"]
[EventDate "2019.01.08"]

1. c4 c5 2. g3 Nc6 3. Bg2 g6 4. b3 Bg7 5. Nc3 e6 6. Bb2 Nge7 7. h4 h6 8. e3 d5
9. Nge2 O-O 10. O-O d4 11. Na4 b6 12. exd4 cxd4 13. d3 Bb7 14. b4 Qd7 15. b5 Na5
16. Bxb7 Nxb7 17. Rc1 e5 18. Ba3 Rfe8 19. Qb3 Qg4 20. f3 Qe6 21. g4 Qf6 22. Kg2
Qxh4 23. Ng3 h5 24. Bxe7 Rxe7 25. gxh5 Qg5 26. hxg6 Qxg6 27. c5 Bh6 28. c6 Nd6
29. Qd5 Nf5 30. Kf2 Qxg3+ 31. Ke2 Qg2+ 32. Rf2 Ng3+ 33. Kd1 Qxf2 0-1

[Event "PRO League Group Stage"]
[Site "chess.com INT"]
[Date "2019.03.07"]
[Round "9"]
[White "Maurizzi, Marc Andria"]
[Black "Tomczak, Jacek"]
[Result "0-1"]
[WhiteTitle "CM"]
[BlackTitle "GM"]
[WhiteElo "2028"]
[BlackElo "2631"]
[WhiteTeam "Marseille Migraines"]
[BlackTeam "Berlin Bears"]
[WhiteFideId "36083534"]
[BlackFideId "1124668"]
[EventDate "2019.01.08"]

1. e4 c5 2. Nc3 Nc6 3. Bb5 Nd4 4. Bc4 e6 5. Nge2 Ne7 6. Nxd4 cxd4 7. Ne2 Nc6 8.
O-O Bc5 9. d3 O-O 10. a3 a6 11. Ba2 Kh8 12. f4 f5 13. b4 Bb6 14. exf5 exf5 15.
Ng3 d6 16. Bd2 Qf6 17. Qf3 Be6 18. Bd5 Bxd5 19. Qxd5 Qf7 20. Qxf7 Rxf7 21. Rfe1
Kg8 22. Re6 Rd8 23. Rae1 Kf8 24. a4 Ne7 25. Nf1 Nd5 26. Kf2 Rc7 27. Rc1 Kf7 28.
Ree1 Rdc8 29. a5 Ba7 30. Ke2 Rxc2 31. Rxc2 Rxc2 32. g3 Rb2 33. Rc1 Nc3+ 34. Kf3
Ke6 35. Ne3 Rxd2 0-1

[Event "PRO League Group Stage"]
[Site "chess.com INT"]
[Date "2019.03.07"]
[Round "9"]
[White "Moussard, Jules"]
[Black "Braun, Arik"]
[Result "0-1"]
[WhiteTitle "GM"]
[BlackTitle "GM"]
[WhiteElo "2605"]
[BlackElo "2598"]
[WhiteTeam "Marseille Migraines"]
[BlackTeam "Berlin Bears"]
[WhiteFideId "642908"]
[BlackFideId "4663527"]
[EventDate "2019.01.08"]

1. Nf3 Nf6 2. b3 d6 3. d4 g6 4. Bb2 Bg7 5. g3 O-O 6. Bg2 a5 7. a4 Nbd7 8. O-O e6
9. Nbd2 d5 10. Re1 b6 11. c4 Bb7 12. Rc1 Re8 13. e3 Ne4 14. Nxe4 dxe4 15. Nd2 f5
16. Qc2 c5 17. Nb1 e5 18. d5 h5 19. Nc3 Nf6 20. h3 Ba6 21. Rcd1 Qd6 22. Kh1 Ra7
23. Rg1 Rf7 24. Rdf1 Nh7 25. Nb1 Ng5 26. Nd2 Bc8 27. h4 Nh7 28. f3 exf3 29. Rxf3
Nf6 30. Nf1 Ng4 31. Qe2 Ref8 32. Bc1 Bh6 33. Nh2 Qd8 34. Rgf1 e4 35. Rf4 Ne5 36.
Bb2 Nd3 37. Ba1 Bg7 38. Bxg7 Rxg7 39. Rd1 Nxf4 40. exf4 Qf6 41. Nf1 Qd6 42. Qf2
e3 43. Qe2 Re7 44. Rd3 Rfe8 45. Bf3 Kh7 46. Kg2 Kh6 47. Nh2 Bd7 48. Kg1 Qf6 49.
Kg2 Qa1 50. Rd1 Qc3 51. Rd3 Qb4 52. Nf1 b5 53. cxb5 c4 54. bxc4 Qxc4 55. d6 Re6
56. Bd5 Qxa4 57. Bxe6 Qe4+ 58. Kh2 Bxb5 59. d7 Rd8 60. Rxe3 Bxe2 61. Rxe4 fxe4
62. Ne3 Bb5 0-1

[Event "PRO League Group Stage"]
[Site "chess.com INT"]
[Date "2019.03.07"]
[Round "9"]
[White "Lampert, Jonas"]
[Black "Tregubov, Pavel V."]
[Result "1/2-1/2"]
[WhiteTitle "IM"]
[BlackTitle "GM"]
[WhiteElo "2544"]
[BlackElo "2592"]
[WhiteTeam "Berlin Bears"]
[BlackTeam "Marseille Migraines"]
[WhiteFideId "1303759"]
[BlackFideId "4115341"]
[EventDate "2019.01.08"]

1. e4 c5 2. Nf3 e6 3. d4 cxd4 4. Nxd4 Nc6 5. Nc3 Nf6 6. Ndb5 Bb4 7. a3 Bxc3+ 8.
Nxc3 d5 9. Bd3 d4 10. Ne2 e5 11. O-O O-O 12. h3 Nd7 13. b4 a5 14. Bd2 Nb6 15. f4
f6 16. b5 Ne7 17. fxe5 fxe5 18. Ng3 Be6 19. Qh5 Ng6 20. Nf5 Nc4 21. Bg5 Qd7 22.
a4 Nb2 23. Nh4 Nxd3 24. cxd3 Bf7 25. Qe2 Nxh4 26. Bxh4 Rac8 27. Rfc1 Bb3 28. Bg3
Qe6 29. Qh5 Bc2 30. Qxe5 Qxe5 31. Bxe5 Bxd3 32. Bxd4 Bxe4 33. Bb6 Rc2 34. Rxc2
Bxc2 35. Ra2 Bb3 36. Ra3 Bc2 37. Ra2 Bb3 38. Ra3 Bc2 39. Ra2 1/2-1/2

[Event "PRO League Group Stage"]
[Site "chess.com INT"]
[Date "2019.03.07"]
[Round "9"]
[White "Hoolt, Sarah"]
[Black "Vachier-Lagrave, Maxime"]
[Result "0-1"]
[WhiteTitle "WGM"]
[BlackTitle "GM"]
[WhiteElo "2358"]
[BlackElo "2780"]
[WhiteTeam "Berlin Bears"]
[BlackTeam "Marseille Migraines"]
[WhiteFideId "24606812"]
[BlackFideId "623539"]
[EventDate "2019.01.08"]

1. e4 c5 2. d3 g6 3. g3 Bg7 4. Bg2 e5 5. f4 exf4 6. Bxf4 Bxb2 7. Nd2 Ne7 8. Rb1
Bg7 9. Nc4 O-O 10. Nd6 b6 11. Ne2 Ba6 12. O-O Nc8 13. Qd2 Nc6 14. Nc3 Ne5 15.
Nf5 gxf5 16. exf5 Ne7 17. f6 Bxf6 18. Bxa8 Qxa8 19. Ne4 Bg7 20. Bxe5 Bxe5 21.
Qg5+ Ng6 22. h4 Qd8 23. Nf6+ Kg7 24. Nh5+ Kh8 25. Qh6 Qe7 26. Rbe1 f5 27. Nf4
Bxf4 28. gxf4 Qxh4 29. Qxh4 Nxh4 30. Kf2 Ng6 31. Rh1 Bb7 32. Rh2 Kg7 33. Re3 Bd5
34. Reh3 Bg8 35. Rg2 Kf6 36. Rh6 b5 37. c4 bxc4 38. dxc4 Rb8 39. Kf3 Rb4 40. Rd2
Be6 41. Rxh7 Rxc4 42. Rd6 Rxf4+ 43. Kg3 Rg4+ 44. Kf2 Ke5 45. Ra6 Nf4 46. Rxa7
Rg2+ 47. Ke3 Re2+ 48. Kf3 Bd5+ 0-1

[Event "PRO League Group Stage"]
[Site "chess.com INT"]
[Date "2019.03.07"]
[Round "9"]
[White "Hammer, Jon Ludvig"]
[Black "Skuhala, Jernej"]
[Result "1-0"]
[WhiteTitle "GM"]
[BlackTitle "FM"]
[WhiteElo "2652"]
[BlackElo "2277"]
[WhiteTeam "Norway Gnomes"]
[BlackTeam "Ljubljana Turtles"]
[WhiteFideId "1503707"]
[BlackFideId "14605651"]
[EventDate "2019.01.08"]

1. c4 Nf6 2. g3 e6 3. Nf3 d5 4. d4 Be7 5. Bg2 O-O 6. O-O dxc4 7. Ne5 Nc6 8. Nxc6
bxc6 9. Na3 Bxa3 10. bxa3 Ba6 11. a4 Rb8 12. Ba3 Re8 13. Bxc6 Nd7 14. Rb1 Rb6
15. Bg2 Qb8 16. a5 Rxb1 17. Qxb1 Nf6 18. Bc6 Rc8 19. Qc2 Bb7 20. Rb1 Bxc6 21.
Rxb8 Rxb8 22. f3 a6 23. Qxc4 Rb1+ 24. Kf2 Bb5 25. Qxc7 h5 26. Qc8+ Ne8 27. Qc5
Rh1 28. Qf8+ Kh7 29. Qxf7 Rxh2+ 30. Kg1 Rxe2 31. Qxh5+ Kg8 32. Be7 Rxa2 33. Qg6
Re2 34. g4 Re1+ 35. Kf2 Re2+ 36. Kg3 Re3 37. g5 Re1 38. Qh5 Bd3 39. Qxe8+ Kh7
40. Qh5+ Kg8 41. Kf4 Rg1 42. Qe8+ Kh7 43. Bf8 Kg8 44. Qe7 1-0

[Event "PRO League Group Stage"]
[Site "chess.com INT"]
[Date "2019.03.07"]
[Round "9"]
[White "Christiansen, Johan-Sebastian"]
[Black "Unuk, Laura"]
[Result "1-0"]
[WhiteTitle "GM"]
[BlackTitle "WIM"]
[WhiteElo "2559"]
[BlackElo "2234"]
[WhiteTeam "Norway Gnomes"]
[BlackTeam "Ljubljana Turtles"]
[WhiteFideId "1512668"]
[BlackFideId "14609215"]
[EventDate "2019.01.08"]

1. Nf3 Nf6 2. c4 e6 3. g3 d5 4. Bg2 dxc4 5. Qa4+ Bd7 6. Qxc4 Bc6 7. O-O Be7 8.
Nc3 O-O 9. Rd1 Nbd7 10. e4 e5 11. Qe2 Bc5 12. d4 exd4 13. Nxd4 Bxd4 14. Rxd4 Qe7
15. Bf4 Nc5 16. e5 Bxg2 17. Kxg2 Rfe8 18. Re1 Nfd7 19. Nd5 Qe6 20. Qf3 Rac8 21.
b4 Na4 22. b5 Nac5 23. Nc3 Qb6 24. Qg4 Qe6 25. Qd1 Nf8 26. Rd5 Qe7 27. Be3 Nce6
28. Qg4 c6 29. Rd6 cxb5 30. Nd5 Nf4+ 31. gxf4 1-0